Fin de un milenio (Record no. 9867)

MARC details
000 -LEADER
campo de control de longitud fija 00883nam a2200277 i 4500
001 - NÚMERO DE CONTROL
campo de control 9867
003 - IDENTIFICADOR DE NÚMERO DE CONTROL
campo de control ES-MaACL
005 - FECHA Y HORA DE LA ÚLTIMA TRANSACCIÓN
campo de control 20240424100020.0
007 - CAMPO FIJO DE DESCRIPCIÓN FÍSICA--INFORMACIÓN GENERAL
campo de control de longitud fija t|
008 - DATOS DE LONGITUD FIJA--INFORMACIÓN GENERAL
campo de control de longitud fija 940321s1991 sp |||| | spa d
020 ## - NÚMERO INTERNACIONAL ESTÁNDAR DEL LIBRO
Número Internacional Estándar del Libro 84-7954-003-6
080 ## - NÚMERO DE LA CLASIFICACIÓN DECIMAL UNIVERSAL
Número de la Clasificación Decimal Universal 869.9-1"19"(082.2)
245 00 - MENCIÓN DEL TÍTULO
Título Fin de un milenio
Resto del título : antología de la poesía gallega última /
Mención de responsabilidad, etc. [selección de] Francisco López-Barxas, César Antonio Molina.
250 ## - MENCION DE EDICION
Mención de edición Ed. bilingüe.
260 ## - PUBLICACIÓN, DISTRIBUCIÓN, ETC.
Lugar de publicación, distribución, etc. Madrid :
Nombre del editor, distribuidor, etc. Libertarias,
Fecha de publicación, distribución, etc. D.L. 1991.
300 ## - DESCRIPCIÓN FÍSICA
Extensión 413 p. :
Otras características físicas il. ;
Dimensiones 21 cm.
490 1# - MENCIÓN DE SERIE
Mención de serie Libros del egoísta ;
Designación de volumen o secuencia 14
500 ## - NOTA GENERAL
Nota general Índice.
500 ## - NOTA GENERAL
Nota general Bibliografía.
650 #4 - PUNTO DE ACCESO ADICIONAL DE MATERIA--TÉRMINO DE MATERIA
Término de materia o nombre geográfico como elemento de entrada Poesía gallega-
Subdivisión cronológica S.XX
9 (RLIN) 16226
700 1# - ENTRADA AGREGADA--NOMBRE PERSONAL
Nombre de persona López-Barxas, Francisco.
9 (RLIN) 73447
700 1# - ENTRADA AGREGADA--NOMBRE PERSONAL
Nombre de persona Molina, César Antonio.
9 (RLIN) 81883
830 0# - PUNTO DE ACCESO ADICIONAL DE SERIE-TÍTULO UNIFORME
Título uniforme Libros del egoísta ;
Designación de volumen o secuencia 14
9 (RLIN) 178138
852 ## - LOCALIZACIÓN
Ubicación ES-MaACL
Número de control de estantería L-17034
Holdings
Estatus retirado Estado de pérdida Estado de daño No para préstamo Biblioteca de origen Biblioteca actual Ubicación en estantería Fecha de adquisición Fuente de adquisición Total de préstamos Signatura topográfica completa Código de barras Visto por última vez Precio de reemplazo Tipo de ítem Koha
        Biblioteca del Ateneo de Madrid Biblioteca del Ateneo de Madrid Depósito 2 17/01/2008     L-17034 1010073 23/02/2023 23/02/2023 Libro impreso